| 000 | 00494nam a2200193Ia 4500 | ||
|---|---|---|---|
| 999 |
_c313 _d313 |
||
| 020 | _a0-408-70662-7 | ||
| 082 | _a025.465 VIC-; | ||
| 100 | _aVickery, B.C. | ||
| 245 | 0 | _aClassification and indexing in science | |
| 250 | _a3rd | ||
| 260 |
_aLondon _bButterworths _c1958 |
||
| 300 | _a228p. | ||
| 504 | _aIncludes index | ||
| 650 | _aClassification - Books | ||
| 650 | _aScience - Classification | ||
| 650 | _aScience - Abstracting and indexing | ||
| 650 | _aLibrary science | ||
| 942 | _cBK | ||